Contribution towards the study of food and fruit-bearing forest speciesin bokor area, វិភាគទានលើការសិក្សាប្រភេទរុក្ខជាតិ-ឈើហូបផ្លែនៅក្នុងតំបន់បូកគោ (Record no. 3189)

000 -LEADER
fixed length control field 00625nam a22001577a 4500
003 - CONTROL NUMBER IDENTIFIER
control field OSt
005 - DATE AND TIME OF LATEST TRANSACTION
control field 20151105161554.0
008 - FIXED-LENGTH DATA ELEMENTS--GENERAL INFORMATION
fixed length control field 151105b xxu||||| |||| 00| 0 eng d
040 ## - CATALOGING SOURCE
Transcribing agency RUA
082 ## - DEWEY DECIMAL CLASSIFICATION NUMBER
Classification number FOR UCH 2000 B126 Or.1
100 ## - MAIN ENTRY--PERSONAL NAME
9 (RLIN) 3419
Personal name UCH, RITHY.
245 ## - TITLE STATEMENT
Title Contribution towards the study of food and fruit-bearing forest speciesin bokor area, វិភាគទានលើការសិក្សាប្រភេទរុក្ខជាតិ-ឈើហូបផ្លែនៅក្នុងតំបន់បូកគោ
260 ## - PUBLICATION, DISTRIBUTION, ETC. (IMPRINT)
Place of publication, distribution, etc. Phnom Penh
Name of publisher, distributor, etc. RUA
Date of publication, distribution, etc. 2000
300 ## - PHYSICAL DESCRIPTION
Extent 59p.
Other physical details ill.
Dimensions 29cm.
942 ## - ADDED ENTRY ELEMENTS (KOHA)
Source of classification or shelving scheme
Koha item type FOR
Holdings
Price effective from Date last seen Permanent Location Not for loan Date acquired Source of classification or shelving scheme Koha item type Barcode Lost status Damaged status Shelving location Withdrawn status Current Location Full call number
2015-11-052015-11-05Library Block B 2015-11-05 FORRUA032425  B126 Library Block BFOR UCH 2000 B126 Or.1
2015-11-052015-11-05Library Block B 2015-11-05 FORRUA032433  B126 Library Block BFOR UCH 2000 B126 Or.2
2015-11-062015-11-06Library Block B 2015-11-06 FORRUA(02374  B126 Library Block BFOR UCH 2000 B126 Or.3
2015-11-062015-11-06Library Block B 2015-11-06 FORRUA002262  B126 Library Block BFOR UCH 2000 B126 Or.4
មជ្ឈមណ្ឌលឯការនៃសាកលវិទ្យាល័យភូមិន្ទកសិកម្មចំការដូង

Powered by Koha